| Tag |
First Indicator |
Second Indicator |
Subfields |
| LEADER |
00000cam a2200000 4500 |
| 001 |
in00000046241 |
| 005 |
20151007071251.0 |
| 008 |
800603s1900 gw a 00000 ger d |
| 035 |
|
|
|a (OCoLC)06383115
|
| 035 |
|
|
|9 AAE5642AM
|
| 040 |
|
|
|a TXA
|c TXA
|d UtOrBLW
|
| 049 |
|
|
|a TXAM
|c [94837]
|
| 090 |
|
|
|a QE269
|b .S84 1900
|
| 092 |
|
|
|a 554.3
|b S857g
|
| 100 |
1 |
|
|a Stille, Hans.
|
| 245 |
1 |
4 |
|a Der gebirgsbau des Teutoburger waldes, zwischen Altenbeken und Detmold ...
|
| 264 |
|
1 |
|a Berlin :
|b A.W. Schade's Buchdruckerei,
|c 1900.
|
| 300 |
|
|
|a 42 (1) pages :
|b 3 tables (color)
|
| 336 |
|
|
|a text
|b txt
|2 rdacontent
|
| 337 |
|
|
|a unmediated
|b n
|2 rdamedia
|
| 338 |
|
|
|a volume
|b nc
|2 rdacarrier
|
| 502 |
|
|
|c Gottingen.
|
| 650 |
|
0 |
|a Geology
|z Germany.
|
| 999 |
|
|
|a MARS
|
| 999 |
f |
f |
|s 08ffeb59-e265-3cef-bb00-9544e4314d2f
|i 0136fe04-9a31-3b3c-864f-d5e4595df8dc
|t 0
|
| 952 |
f |
f |
|p ric
|a Texas A&M University
|b Rellis Campus
|c Joint Library Facility
|d Remote Storage
|t 0
|e QE269 .S84 1900
|h Library of Congress classification
|i unmediated -- volume
|m A14800959905
|
| 998 |
f |
f |
|a QE269 .S84 1900
|t 0
|l Remote Storage
|